[Event "2nd Longtou Cup 2019"]
[Site "Qinhuangdao CHN"]
[Date "2019.04.19"]
[Round "4.20"]
[White "Ankhchimeg, Bayanmunkh"]
[Black "Khvostikov, Sergey"]
[Result "1-0"]
[WhiteTitle "WIM"]
[WhiteElo "2120"]
[BlackElo "2192"]
[WhiteFideId "4900600"]
[BlackFideId "4192583"]
[EventDate "2019.04.16"]

1. e4 e5 2. Nf3 Nc6 3. Bb5 g6 4. O-O Bg7 5. Re1 Nge7 6. c3 O-O 7. d4 d6 8. h3 h6
9. Be3 f5 10. dxe5 fxe4 11. exd6 cxd6 12. Nd4 a6 13. Be2 Ne5 14. Nd2 d5 15. f4
N5c6 16. N2b3 Nf5 17. Nxf5 gxf5 18. Nd4 Kh7 19. Qd2 Rg8 20. Rad1 Qh4 21. Nb3 Qg3
22. Bf1 Ne5 23. fxe5 Bxe5 24. Qxd5 Rg6 25. Nd4 Qh2+ 26. Kf2 f4 27. Bc1 Bxh3 28.
Qxe4 Qg3+ 29. Ke2 f3+ 30. gxf3 Rf8 31. Bxh3 Bxd4 32. Rxd4 Qxh3 33. Bf4 Qg2+ 34.
Kd3 Qxb2 35. Rd7+ Kh8 36. Be5+ 1-0

[Event "2nd Longtou Cup 2019"]
[Site "Qinhuangdao CHN"]
[Date "2019.04.19"]
[Round "4.21"]
[White "Zhang, Lanlin"]
[Black "Bai, Xue"]
[Result "0-1"]
[WhiteElo "2192"]
[BlackElo "2103"]
[WhiteFideId "8608032"]
[BlackFideId "8608717"]
[EventDate "2019.04.16"]

1. e4 c5 2. Nf3 d6 3. d4 cxd4 4. Qxd4 Nc6 5. Qd3 g6 6. Nc3 Bg7 7. Bg5 Be6 8.
O-O-O Qa5 9. Bd2 a6 10. a3 Nb4 11. Qe3 Bxc3 12. Bxc3 Na2+ 13. Kd2 Nxc3 14. Qxc3
Qxc3+ 15. bxc3 Nf6 16. Bd3 b5 17. a4 bxa4 18. Ra1 Bd7 19. e5 Ng4 20. exd6 exd6
21. Rhe1+ Kf8 22. Bc4 Bb5 23. Bd5 Rc8 24. c4 Bxc4 25. Bb7 Rc7 26. Rxa4 d5 27.
Bxd5 Bxd5 28. Rxg4 Bxf3 29. gxf3 Kg7 30. Ra1 Rd8+ 31. Kc1 Rdc8 32. Ra2 Rc3 33.
Rg3 f5 34. f4 R3c4 35. Rf3 R8c6 36. Kd2 a5 37. c3 a4 38. Kc2 h5 39. Rb2 Re4 40.
Kd3 Kh6 41. Rb1 Rd6+ 42. Kc2 Re2+ 43. Kc1 a3 0-1

[Event "2nd Longtou Cup 2019"]
[Site "Qinhuangdao CHN"]
[Date "2019.04.19"]
[Round "4.22"]
[White "Buynitskiy, Daniil"]
[Black "Zhang, Xiao"]
[Result "0-1"]
[WhiteElo "2095"]
[BlackElo "2141"]
[WhiteFideId "24207721"]
[BlackFideId "8610894"]
[EventDate "2019.04.16"]

1. c4 e5 2. Nc3 Nf6 3. g3 d5 4. cxd5 Nxd5 5. Bg2 Nb6 6. Nf3 Nc6 7. O-O Be6 8. d3
Be7 9. a3 O-O 10. b4 Nd4 11. Bb2 Nxf3+ 12. Bxf3 Rb8 13. Ne4 f6 14. Nc5 Bxc5 15.
bxc5 Nd7 16. Rc1 c6 17. Qa4 Qc7 18. d4 exd4 19. Bxd4 a6 20. h4 Rfd8 21. Rfd1 Nf8
22. h5 Qf7 23. Rb1 Bd5 24. e4 Bc4 25. Qb4 h6 26. Qc3 Nh7 27. Be3 Ng5 28. Bxg5
fxg5 29. Bg4 Rf8 30. Bf5 Be6 31. g4 Rbd8 32. Rd4 Bxf5 33. exf5 Rfe8 34. Rbd1
Rxd4 35. Qxd4 Qb3 36. Rd3 Qc2 37. Kg2 Re2 38. Kf3 Rxf2+ 39. Qxf2 Qxd3+ 40. Kg2
Qxa3 41. Qd4 Qa2+ 42. Kf1 Qd5 43. Qb4 Kh7 44. Qxb7 Qxc5 45. f6 Qc4+ 46. Ke1 Qe6+
47. Kd2 Qxf6 48. Qb1+ Kg8 49. Qb8+ Qf8 50. Qb3+ Kh8 51. Qe6 c5 52. Kc2 a5 53.
Qc6 Qf2+ 54. Kc1 Qe3+ 55. Kc2 Kh7 56. Qg6+ Kg8 57. Qc6 Kf7 58. Qg6+ Kf8 59. Qd6+
Qe7 60. Qb8+ Kf7 61. Qc8 Qe4+ 62. Kc1 c4 63. Qc7+ Kg8 64. Qxa5 Qxg4 65. Qd5+ Kh7
66. Qf7 0-1

[Event "2nd Longtou Cup 2019"]
[Site "Qinhuangdao CHN"]
[Date "2019.04.20"]
[Round "5.1"]
[White "Oparin, Grigoriy"]
[Black "Antipov, Mikhail Al."]
[Result "1/2-1/2"]
[WhiteTitle "GM"]
[BlackTitle "GM"]
[WhiteElo "2624"]
[BlackElo "2605"]
[WhiteFideId "24125890"]
[BlackFideId "4107012"]
[EventDate "2019.04.16"]

1. d4 Nf6 2. c4 c6 3. Nc3 d5 4. e3 a6 5. Nf3 Bf5 6. cxd5 cxd5 7. Ne5 Nc6 8. Qb3
Rb8 9. Be2 h5 10. Nxc6 bxc6 11. Qa4 Qc7 12. b3 a5 13. Ba3 Qb7 14. O-O Nd7 15.
Qxa5 Ra8 16. Qb4 Qa7 17. Qa4 Qb7 18. Qb4 Qa7 19. Qa4 Qb7 1/2-1/2

[Event "2nd Longtou Cup 2019"]
[Site "Qinhuangdao CHN"]
[Date "2019.04.20"]
[Round "5.2"]
[White "Yilmaz, Mustafa"]
[Black "Dai, Changren"]
[Result "1/2-1/2"]
[WhiteTitle "GM"]
[BlackTitle "IM"]
[WhiteElo "2631"]
[BlackElo "2472"]
[WhiteFideId "6302718"]
[BlackFideId "8608156"]
[EventDate "2019.04.16"]

1. c4 e6 2. Nc3 d5 3. d4 Be7 4. cxd5 exd5 5. Bf4 c6 6. e3 Bf5 7. Nge2 Nd7 8. h4
Ngf6 9. f3 Nb6 10. g4 Be6 11. b3 h5 12. g5 Ng8 13. Qd2 Bb4 14. Ng3 Ne7 15. Be5
Bd6 16. f4 Bxe5 17. fxe5 Qd7 18. Bd3 a5 19. a4 Nf5 20. Nxf5 Bxf5 21. Bxf5 Qxf5
22. O-O-O Nc8 23. e4 dxe4 24. Kb2 Ne7 25. Rhf1 Qg6 26. Qe2 O-O 27. Nxe4 b5 28.
axb5 a4 29. b4 Qe6 30. Nc5 Qd5 31. b6 Rfb8 32. b7 Ra7 33. Qd3 Raxb7 34. Nxb7
Rxb7 35. Ka3 Qe6 36. Rc1 Nd5 37. Rb1 Nc7 38. Rfc1 Nb5+ 39. Kb2 Nxd4 40. Qc4 Qxe5
41. Ka2 Nb5 42. g6 Nd6 43. Qxc6 Qe6+ 44. Ka1 fxg6 45. Rc3 Qe5 46. Qc5 Qf6 47.
Rb2 Rb5 48. Qc6 Rf5 49. Rd3 Rf2 50. Qc3 Rf1+ 51. Rb1 Rxb1+ 52. Kxb1 Qf1+ 53. Kc2
Qe2+ 54. Rd2 Qe6 55. Qd3 Qa2+ 56. Kd1 Qa1+ 57. Ke2 Qe5+ 58. Kf3 Nf7 59. Re2 Qf6+
60. Kg2 Kh7 61. Qf3 Qa6 62. Re7 Nh6 63. Qf8 Qc6+ 64. Kf1 Nf5 65. Re8 Qc1+ 66.
Ke2 Qc2+ 67. Ke1 Qc1+ 68. Ke2 Qc2+ 69. Ke1 1/2-1/2

[Event "2nd Longtou Cup 2019"]
[Site "Qinhuangdao CHN"]
[Date "2019.04.20"]
[Round "5.3"]
[White "Can, Emre"]
[Black "Xu, Yinglun"]
[Result "1/2-1/2"]
[WhiteTitle "GM"]
[BlackTitle "GM"]
[WhiteElo "2599"]
[BlackElo "2532"]
[WhiteFideId "6302181"]
[BlackFideId "8604940"]
[EventDate "2019.04.16"]

1. d4 d5 2. c4 e6 3. Nf3 Nf6 4. g3 dxc4 5. Bg2 c6 6. Ne5 c5 7. Be3 Nd5 8. O-O
Nd7 9. Nxc4 b5 10. Ne5 Nxe5 11. dxe5 Bb7 12. a4 b4 13. Qd3 Rc8 14. Nd2 Be7 15.
Rfc1 O-O 16. Be4 Nxe3 17. Bxb7 Qxd3 18. exd3 Rc7 19. fxe3 Rxb7 20. Nb3 Rd7 21.
d4 Bg5 22. Kf2 cxd4 23. Nxd4 Rd5 24. Nf3 Bd8 25. Ke2 Bb6 26. Rc4 Rfd8 27. Rxb4
Rd3 28. Ra3 Rxa3 29. bxa3 Kf8 30. Rb5 Rc8 31. Kd3 Ke7 32. Nd2 Rd8+ 33. Ke2 Rc8
34. Nb3 Rb8 35. Kd3 Kd7 36. Ke4 Rc8 37. a5 Bd8 38. a4 Be7 39. Kd3 Rc7 40. Nd4
Kc8 41. Rb1 a6 42. g4 Bc5 43. Nf3 Rd7+ 44. Ke4 Ba7 45. Rb2 Rd5 46. Ng5 Rxa5 47.
Nxf7 Rxa4+ 48. Kf3 Bb8 49. Rb6 Bc7 50. Nd6+ Kd7 51. Rb7 Kc6 52. Ra7 Ra3 53. Kf4
h6 54. h4 Ra4+ 55. e4 Ra3 56. Nc4 Ra4 57. Nd6 Ra3 58. Nc4 Ra4 59. Nd6 1/2-1/2

[Event "2nd Longtou Cup 2019"]
[Site "Qinhuangdao CHN"]
[Date "2019.04.20"]
[Round "5.4"]
[White "Idani, Pouya"]
[Black "Karthik, Venkataraman"]
[Result "1-0"]
[WhiteTitle "GM"]
[BlackTitle "GM"]
[WhiteElo "2590"]
[BlackElo "2505"]
[WhiteFideId "12510130"]
[BlackFideId "25006479"]
[EventDate "2019.04.16"]

1. e4 c5 2. Nf3 d6 3. d4 Nf6 4. dxc5 Nxe4 5. cxd6 Nc6 6. dxe7 Qxd1+ 7. Kxd1 Bxe7
8. Be3 Bg4 9. Kc1 O-O-O 10. Nbd2 Nxd2 11. Nxd2 Bf5 12. c3 a6 13. Nf3 Bf6 14. Be2
b5 15. Rd1 Kb7 16. Bg5 Bxg5+ 17. Nxg5 Rhe8 18. Rd2 f6 19. Nf3 Be4 20. Kd1 Bd5
21. b3 Kb6 22. Rb1 g5 23. Rbb2 h6 24. Ne1 Ne5 25. Bh5 Rf8 26. f3 Kc7 27. Nc2 f5
28. Nb4 Bb7 29. Rxd8 Rxd8+ 30. Rd2 Rxd2+ 31. Kxd2 Kd6 32. Nc2 Bc6 33. Nd4 Bd7
34. f4 gxf4 35. Ne2 a5 36. Nxf4 Bc6 37. Be2 b4 38. g3 Be4 39. cxb4 axb4 40. Nd3
Bxd3 41. Bxd3 Nf3+ 42. Ke3 Nxh2 43. Bxf5 Ke5 44. Bh3 h5 45. Kd3 Kd5 46. Bg2+ Kc5
47. Ke4 Ng4 48. Bf3 Nf6+ 49. Ke5 Nd7+ 50. Kf5 Kd6 51. Bxh5 Nc5 52. Be2 Ne6 53.
Bc4 1-0

[Event "2nd Longtou Cup 2019"]
[Site "Qinhuangdao CHN"]
[Date "2019.04.20"]
[Round "5.7"]
[White "Zou, Chen"]
[Black "Lu, Shanglei"]
[Result "0-1"]
[WhiteTitle "FM"]
[BlackTitle "GM"]
[WhiteElo "2397"]
[BlackElo "2625"]
[WhiteFideId "8610959"]
[BlackFideId "8603332"]
[EventDate "2019.04.16"]

1. d4 Nf6 2. c4 c5 3. d5 e6 4. Nc3 exd5 5. cxd5 d6 6. Nf3 g6 7. Bf4 a6 8. a4 Bg7
9. h3 O-O 10. e3 Nh5 11. Bh2 f5 12. Be2 Qe7 13. O-O Nd7 14. Nd2 Ne5 15. Bxh5
gxh5 16. Bxe5 Bxe5 17. Nc4 h4 18. Nxe5 Qxe5 19. Qh5 Qf6 20. a5 Bd7 21. Kh1 Rae8
22. g3 hxg3 23. Rg1 Kh8 24. Rxg3 f4 25. exf4 Qxf4 26. Rag1 Bf5 27. f3 Re5 28.
Qg5 Bg6 29. Qxf4 Rxf4 30. Rf1 Kg7 31. Rg4 Rd4 32. Rf2 Kf7 33. Kh2 Re1 34. Rg1
Rxg1 35. Kxg1 Bd3 36. Rg2 Bf5 37. Rh2 Rb4 38. Kf1 h5 39. h4 Kf6 40. Ke1 Rd4 41.
Kf2 Rd2+ 42. Kg3 Rxh2 43. Kxh2 Ke5 44. Kg3 Bd3 45. Kf2 Kf4 46. Nd1 Bc4 47. Ne3
Bb3 48. Ke2 Ke5 49. Kf2 Bxd5 50. Kg3 Bf7 51. Nd1 d5 52. Nc3 d4 53. Ne2 Bc4 54.
Nf4 d3 55. Ng2 d2 56. Ne3 Bb3 0-1

[Event "2nd Longtou Cup 2019"]
[Site "Qinhuangdao CHN"]
[Date "2019.04.20"]
[Round "5.8"]
[White "Chen, Qi b"]
[Black "Wu, Wenjin"]
[Result "1-0"]
[BlackTitle "GM"]
[WhiteElo "2424"]
[BlackElo "2345"]
[WhiteFideId "8614733"]
[BlackFideId "8600716"]
[EventDate "2019.04.16"]

1. e4 e5 2. Nf3 d6 3. d4 exd4 4. Nxd4 Be7 5. Nc3 Nf6 6. g3 d5 7. e5 Ne4 8. Nxe4
dxe4 9. e6 Qd5 10. Nb5 Qxd1+ 11. Kxd1 Na6 12. exf7+ Kxf7 13. Bc4+ Kg6 14. h3
Rd8+ 15. Ke2 c6 16. Nc3 b5 17. Bb3 Nc5 18. Be3 a5 19. Bxc5 Bxc5 20. a4 Bd4 21.
axb5 Bxc3 22. bxc3 cxb5 23. Ke3 a4 24. Ba2 Ra6 25. Rab1 Rc6 26. c4 Be6 27. Rxb5
Bxc4 28. Bxc4 Rxc4 29. Ra1 Rf8 30. Ra2 Rf5 31. Rb6+ Rf6 32. Rb5 h5 33. Ra5 Rc3+
34. Kd4 Rcf3 35. c4 e3 36. fxe3 Rxg3 37. R5xa4 Rxh3 38. Ra6 Rh1 39. Rg2+ Kh6 40.
Rxf6+ gxf6 41. Rc2 Rd1+ 42. Ke4 h4 43. c5 Kg5 44. c6 Rd8 45. Rg2+ Kh5 46. c7 Rc8
47. Rg7 Kh6 48. Rd7 h3 49. Kf3 Kg5 50. Kg3 Kf5 51. Kxh3 Ke4 52. Kg4 Ke5 53. Re7+
Kd6 54. Rg7 Ke5 55. Kf3 Ra8 56. Rg1 Kd6 57. Rg7 Ke5 58. Re7+ Kd6 59. Rh7 Ke5 60.
Kg4 Ra4+ 61. Kh5 Rc4 62. Kg6 Ke6 63. e4 Rc1 64. Rg7 Rc2 65. Rh7 Rc1 66. Rg7 Rc2
67. Rh7 Rc1 68. Rf7 Rg1+ 69. Kh5 Rc1 70. Rg7 Ke5 71. Re7+ Kd6 72. Rh7 Ke5 73.
Kg6 Ke6 74. Kh6 Ke5 75. Re7+ Kd6 76. Rf7 Ke6 77. Kg7 Rg1+ 78. Kf8 Rc1 79. Ke8
Kd6 1-0

[Event "2nd Longtou Cup 2019"]
[Site "Qinhuangdao CHN"]
[Date "2019.04.20"]
[Round "5.9"]
[White "Peng, Hongchi"]
[Black "Zhang, Ziji"]
[Result "1-0"]
[WhiteElo "2347"]
[BlackElo "2414"]
[WhiteFideId "8609047"]
[BlackFideId "8609470"]
[EventDate "2019.04.16"]

1. e4 e5 2. Nf3 Nc6 3. Bb5 a6 4. Ba4 Nf6 5. O-O Be7 6. Re1 b5 7. Bb3 d6 8. c3
O-O 9. h3 Bb7 10. d4 Re8 11. Ng5 Rf8 12. Nf3 Re8 13. Nbd2 Bf8 14. a4 h6 15. Bc2
exd4 16. cxd4 Nb4 17. Bb1 c5 18. d5 c4 19. Ra3 Nd7 20. Ree3 Rc8 21. Nd4 Ne5 22.
axb5 axb5 23. N2f3 Ned3 24. Nxb5 Qb6 25. Nc3 g6 26. Na4 Qa7 27. Bd2 Bg7 28. Bc3
Nxd5 29. Rxd3 cxd3 30. exd5 Bxd5 31. Bxd3 Qb7 32. Bxg7 Bxf3 33. Qxf3 Rc1+ 34.
Kh2 Qxf3 35. gxf3 Kxg7 36. f4 Rb8 37. Rc3 Rxc3 38. bxc3 Kf6 39. Kg2 g5 40. Kf3
Rb3 41. fxg5+ hxg5 42. Kg4 Rb8 43. f3 Rb7 44. Be4 Rb8 45. c4 Rh8 46. Nb6 Rh4+
47. Kg3 Ke5 48. Bd5 Kf6 49. Nc8 Ke5 50. Bxf7 Rd4 51. Bd5 Rh4 52. Ne7 Kf6 53. Nc6
Rf4 54. Be4 Rh4 55. Nb4 Rh8 56. Nd3 Rc8 57. Bd5 Kf5 58. Nf2 Rb8 59. Be4+ Kf6 60.
Ng4+ Ke6 61. Bd5+ Kf5 62. Nh6+ Kg6 63. Ng4 Kf5 64. Nf2 Rb6 65. Ne4 Ra6 66. Bb7
Rb6 67. Bc8+ Kg6 68. Be6 Ra6 69. Bd7 Rb6 70. Kg4 Rb1 71. Be8+ Kh6 72. Nxd6 Rg1+
73. Kf5 Rg3 74. Nf7+ 1-0

[Event "2nd Longtou Cup 2019"]
[Site "Qinhuangdao CHN"]
[Date "2019.04.20"]
[Round "5.11"]
[White "Otgonjargal, Sengeravdan"]
[Black "Fang, Yuxiang"]
[Result "0-1"]
[WhiteTitle "WIM"]
[BlackTitle "GM"]
[WhiteElo "2162"]
[BlackElo "2472"]
[WhiteFideId "4900790"]
[BlackFideId "8605840"]
[EventDate "2019.04.16"]

1. e4 c6 2. d4 d5 3. exd5 cxd5 4. Bd3 Nc6 5. c3 Qc7 6. h3 Nf6 7. Nf3 g6 8. Qc2
Bg7 9. O-O O-O 10. Re1 Nh5 11. Be3 Nf4 12. Bf1 Bf5 13. Qd2 Ne6 14. Na3 Be4 15.
Nh2 g5 16. Bxg5 Nxg5 17. Qxg5 Rad8 18. Rad1 f6 19. Qh4 e5 20. Ng4 Kh8 21. Ne3
Qb6 22. Nac4 Qc7 23. Na3 exd4 24. Nb5 Qb6 25. cxd4 f5 26. f3 Bxf3 27. gxf3 a6
28. Nc2 axb5 29. Kh1 Rd6 30. Re2 Rg6 31. Rg2 Rxg2 32. Bxg2 Qa5 33. Ne3 Qxa2 34.
Bf1 Qxb2 35. Nxd5 Qb3 0-1

[Event "2nd Longtou Cup 2019"]
[Site "Qinhuangdao CHN"]
[Date "2019.04.20"]
[Round "5.12"]
[White "Sun, Chao"]
[Black "Chu, Wei Chao"]
[Result "1/2-1/2"]
[BlackTitle "IM"]
[WhiteElo "2063"]
[BlackElo "2387"]
[WhiteFideId "8622990"]
[BlackFideId "8605661"]
[EventDate "2019.04.16"]

1. Nf3 g6 2. c4 Bg7 3. Nc3 c5 4. d4 cxd4 5. Nxd4 Nc6 6. Nc2 Bxc3+ 7. bxc3 Nf6 8.
g3 Qa5 9. Bb2 d6 10. Bg2 Be6 11. Ne3 O-O 12. O-O Ne5 13. Nd5 Rfe8 14. Qd4 Rac8
15. Nxf6+ exf6 16. Bc1 Rxc4 17. Qxd6 Qxc3 18. Bd2 Qb2 19. Rfb1 Rd4 20. Rxb2 Rxd6
21. Bxb7 Nc4 22. Bf4 Rd7 23. Rb4 a5 24. Rxc4 Bxc4 25. Bc6 Red8 26. Bxd7 Rxd7 27.
Kf1 Kg7 28. a3 g5 29. Be3 a4 30. Rc1 Bb3 31. f3 Rd6 32. Kf2 h5 33. h4 gxh4 34.
gxh4 Rd1 35. Rxd1 1/2-1/2

[Event "2nd Longtou Cup 2019"]
[Site "Qinhuangdao CHN"]
[Date "2019.04.20"]
[Round "5.13"]
[White "Hu, Yu A."]
[Black "Nie, Xinyang"]
[Result "0-1"]
[WhiteElo "2051"]
[BlackElo "2346"]
[WhiteFideId "8609993"]
[BlackFideId "8607222"]
[EventDate "2019.04.16"]

1. e4 e6 2. d4 d5 3. Nd2 a6 4. Ngf3 Nf6 5. Bd3 c5 6. dxc5 Bxc5 7. Qe2 O-O 8. O-O
Nc6 9. e5 Nd7 10. a3 Be7 11. c4 Nc5 12. b4 Nxd3 13. Qxd3 dxc4 14. Qxd8 Rxd8 15.
Nxc4 b5 16. Nb6 Rb8 17. Be3 Kf8 18. Rfd1 Ke8 19. Rxd8+ Kxd8 20. Nxc8 Kxc8 21.
Bd2 Kb7 22. Kf1 Rd8 23. Ke2 Rd5 24. Bc3 h6 25. Rd1 Rxd1 26. Kxd1 a5 27. bxa5
Bxa3 28. Nd4 Nxd4 29. Bxd4 Bb4 0-1

[Event "2nd Longtou Cup 2019"]
[Site "Qinhuangdao CHN"]
[Date "2019.04.20"]
[Round "5.14"]
[White "Huang, Renjie"]
[Black "Sarukhanyan, Samvel"]
[Result "1-0"]
[WhiteElo "2338"]
[BlackElo "2038"]
[WhiteFideId "8610134"]
[BlackFideId "24138983"]
[EventDate "2019.04.16"]

1. e4 c5 2. Nf3 d6 3. d4 cxd4 4. Nxd4 Nf6 5. Nc3 a6 6. Bc4 e6 7. O-O Be7 8. Qf3
Nbd7 9. Qg3 Ne5 10. Be2 h5 11. f4 Qb6 12. fxe5 Qxd4+ 13. Kh1 Ng4 14. Bxg4 hxg4
15. exd6 Bxd6 16. Bf4 e5 17. Be3 Qc4 18. Rfd1 Qc6 19. Rxd6 Qxd6 20. Rd1 Qb8 21.
Bc5 Rh6 22. Qd3 f6 23. Qd8+ Kf7 24. Nd5 g3 25. Qf8+ Kg6 26. Ne7+ Kh5 27. Qf7+ g6
28. Qxf6 1-0

[Event "2nd Longtou Cup 2019"]
[Site "Qinhuangdao CHN"]
[Date "2019.04.20"]
[Round "5.15"]
[White "Bai, Xue"]
[Black "Mikhalev, Dmitry"]
[Result "1/2-1/2"]
[BlackTitle "FM"]
[WhiteElo "2103"]
[BlackElo "2360"]
[WhiteFideId "8608717"]
[BlackFideId "4183134"]
[EventDate "2019.04.16"]

1. e4 c6 2. Nc3 d5 3. Nf3 Bg4 4. h3 Bxf3 5. Qxf3 e6 6. exd5 cxd5 7. d4 Nc6 8.
Bb5 a6 9. Bxc6+ bxc6 10. O-O Nf6 11. Na4 Be7 12. c4 O-O 13. c5 Nd7 14. Bf4 Bf6
15. Qc3 Re8 16. Rfe1 g6 17. Rad1 Bg7 18. Bg3 f6 19. f4 f5 20. b4 Qc7 21. Bh2 Nf6
22. Nb6 Ra7 23. a4 Ne4 24. Qd3 Bf6 25. Re2 Rb8 26. a5 Qg7 27. g4 Kf7 28. Rg2 Bd8 1/2-1/2

[Event "2nd Longtou Cup 2019"]
[Site "Qinhuangdao CHN"]
[Date "2019.04.20"]
[Round "5.16"]
[White "Kirienko, Vladimir"]
[Black "Tuvsanaa, Nyamaa"]
[Result "0-1"]
[BlackTitle "FM"]
[WhiteElo "2100"]
[BlackElo "2212"]
[WhiteFideId "54197457"]
[BlackFideId "4900413"]
[EventDate "2019.04.16"]

1. d4 d5 2. c4 c6 3. Nc3 Nf6 4. Nf3 dxc4 5. a4 Bg4 6. Ne5 Bh5 7. f3 Na6 8. e4
Nb4 9. Be3 Nd7 10. Nxd7 Qxd7 11. Bxc4 e6 12. O-O Be7 13. Qb3 O-O 14. Rfd1 Bg6
15. Ne2 b5 16. Bd3 f6 17. Nf4 Bf7 18. Qc3 Rfc8 19. Bf1 a5 20. Nd3 Qa7 21. Nc5
Qb6 22. Qd2 Rd8 23. Qf2 Qb8 24. Qe2 e5 25. dxe5 Qxe5 26. f4 Qc7 27. g3 Bf8 28.
Qf2 bxa4 29. Rxd8 Qxd8 30. Nxa4 Qe8 31. Nc3 Bb3 32. Rc1 Qe7 33. Bd4 a4 34. e5 f5
35. Nb1 Ra5 36. Nd2 Bd5 37. Nc4 Rc5 38. h3 Na2 39. Rc2 Be4 40. Rd2 Bd5 41. Nd6
Rc1 42. Kh2 Nb4 43. Nxf5 Qe6 44. Ne3 Bb3 45. f5 Qe8 0-1

[Event "2nd Longtou Cup 2019"]
[Site "Qinhuangdao CHN"]
[Date "2019.04.20"]
[Round "5.17"]
[White "Liu, Zexu"]
[Black "Gu, Tianlu"]
[Result "1-0"]
[BlackTitle "WIM"]
[WhiteElo "2098"]
[BlackElo "2201"]
[WhiteFideId "8605963"]
[BlackFideId "8603995"]
[EventDate "2019.04.16"]

1. d4 Nf6 2. c4 e6 3. Nc3 d5 4. cxd5 Nxd5 5. e4 Nxc3 6. bxc3 c5 7. Rb1 Be7 8.
Nf3 O-O 9. Bc4 a6 10. a4 cxd4 11. cxd4 Qc7 12. Be2 b6 13. O-O Bb7 14. Bd3 Nd7
15. Bb2 Nf6 16. Qe2 Rfd8 17. Ne5 b5 18. axb5 axb5 19. Ng4 b4 20. d5 Nxg4 21.
Qxg4 g6 22. Rbc1 Qd6 23. f4 exd5 24. e5 Qb6+ 25. Kh1 Ra2 26. Rb1 Qe3 27. Qd1 Ba6
28. Rf3 Qb6 29. f5 Bxd3 30. Qxd3 Qa6 31. Qd2 d4 32. Rbf1 Qc4 33. e6 f6 34. fxg6
Kg7 35. gxh7 Qxe6 36. Rh3 Kh8 37. Rg3 Qf7 38. Rg4 Bc5 39. Qc1 Qh5 40. h3 Ra7 41.
Rxf6 Qe5 42. Rfg6 Rxh7 43. R6g5 Qe3 1-0

[Event "2nd Longtou Cup 2019"]
[Site "Qinhuangdao CHN"]
[Date "2019.04.20"]
[Round "5.18"]
[White "Li, Yunshan"]
[Black "Ankhchimeg, Bayanmunkh"]
[Result "1/2-1/2"]
[WhiteTitle "WFM"]
[BlackTitle "WIM"]
[WhiteElo "2191"]
[BlackElo "2120"]
[WhiteFideId "8607664"]
[BlackFideId "4900600"]
[EventDate "2019.04.16"]

1. d4 f5 2. Nf3 Nf6 3. g3 g6 4. Bg2 Bg7 5. O-O O-O 6. c4 d6 7. Nc3 c6 8. Rb1 Na6
9. b4 Nc7 10. Bb2 Bd7 11. e3 a5 12. a3 axb4 13. axb4 e6 14. Qb3 Qe7 15. Rfd1 Kh8
16. Ra1 Ne4 17. c5 d5 18. Na4 g5 19. Ne5 Be8 20. f3 Nf6 21. Nb6 Rb8 22. Ra7 Bg6
23. Bf1 g4 24. f4 Be8 25. Rda1 Ne4 26. Bd3 Bxe5 27. dxe5 h5 28. Bxe4 fxe4 29.
Bc3 Bg6 30. R1a5 Kg7 31. Be1 h4 32. Qb2 hxg3 33. Bxg3 Rh8 34. Qf2 Nb5 35. Rxb5
cxb5 36. Ra5 Be8 37. Qd2 Bc6 38. Qd4 Kg6 39. Ra2 Kf5 40. Qd1 Rh3 41. Rg2 Qf7 42.
Qe1 Rbh8 43. Re2 Qh5 44. Ra2 Kg6 45. Qd2 Kf7 46. Qf2 Qh7 47. Qg2 Qf5 1/2-1/2

[Event "2nd Longtou Cup 2019"]
[Site "Qinhuangdao CHN"]
[Date "2019.04.20"]
[Round "5.19"]
[White "Zhang, Xiao"]
[Black "Chen, KaiLin"]
[Result "1-0"]
[WhiteElo "2141"]
[BlackElo "2073"]
[WhiteFideId "8610894"]
[BlackFideId "8620954"]
[EventDate "2019.04.16"]

1. d4 d5 2. c4 e6 3. Nc3 Nf6 4. Nf3 Nbd7 5. Bf4 c6 6. e3 Be7 7. Bd3 O-O 8. h3 b6
9. O-O Bb7 10. Qe2 c5 11. Rfd1 cxd4 12. exd4 dxc4 13. Bxc4 Nd5 14. Nxd5 Bxd5 15.
Bxd5 exd5 16. Rac1 Re8 17. Qa6 Nf8 18. Qb7 Ne6 19. Bg3 Bg5 20. Rc6 Qe7 21. Qa6
Bf6 22. a3 Rad8 23. b4 Rd7 24. b5 Ng5 25. Ne5 Bxe5 26. Bxe5 f6 27. Bf4 Qe2 28.
Rdc1 Ne4 29. R6c2 Qd3 30. Rc8 Rdd8 31. Rxd8 Rxd8 32. Qxa7 Nc3 33. Qe7 Ra8 34.
Qe6+ Kh8 35. Re1 h6 36. Bxh6 Nxb5 37. Qf7 Qh7 38. Re8+ Rxe8 39. Qxe8+ Qg8 40.
Qxb5 gxh6 41. Qxb6 Qg5 42. Qb8+ Kh7 43. Qc7+ Kh8 44. a4 Qd2 45. Qc5 Qe1+ 46. Kh2
Qxf2 47. Qc8+ Kh7 48. Qc7+ Kh8 49. a5 f5 50. a6 f4 51. Qd8+ Kh7 52. Qe7+ Kg6 53.
Qe6+ Kh7 54. a7 Qg3+ 55. Kh1 f3 56. Qf7+ 1-0

[Event "2nd Longtou Cup 2019"]
[Site "Qinhuangdao CHN"]
[Date "2019.04.20"]
[Round "5.20"]
[White "Li, Haoyu B."]
[Black "Li, Guohao"]
[Result "1/2-1/2"]
[WhiteElo "2095"]
[BlackElo "2098"]
[WhiteFideId "8610169"]
[BlackFideId "8619999"]
[EventDate "2019.04.16"]

1. Nf3 Nf6 2. g3 g6 3. Bg2 Bg7 4. O-O O-O 5. d4 d5 6. b3 c6 7. c4 Bf5 8. Bb2
Nbd7 9. Nc3 dxc4 10. bxc4 Nb6 11. c5 Nc4 12. Bc1 Nd5 13. Qb3 Na5 14. Qa3 Nc4 15.
Qb3 Na5 16. Qa3 Nc4 17. Qb3 Na5 1/2-1/2

[Event "2nd Longtou Cup 2019"]
[Site "Qinhuangdao CHN"]
[Date "2019.04.20"]
[Round "5.21"]
[White "Elgendy, Hesham"]
[Black "Buynitskiy, Daniil"]
[Result "0-1"]
[WhiteElo "2049"]
[BlackElo "2095"]
[WhiteFideId "10600736"]
[BlackFideId "24207721"]
[EventDate "2019.04.16"]

1. d4 Nf6 2. c4 g6 3. Nc3 Bg7 4. e4 O-O 5. f4 d6 6. Nf3 c5 7. d5 b5 8. cxb5 a6
9. e5 dxe5 10. fxe5 Ng4 11. Bf4 Nd7 12. Be2 Ndxe5 13. O-O Nxf3+ 14. Bxf3 Bd4+
15. Kh1 Ne3 16. Bxe3 Bxe3 17. d6 Ra7 18. Nd5 Bg5 19. dxe7 Bxe7 20. b6 Rd7 21.
Qb3 Bb7 22. Rad1 Bd6 23. Bg4 Bxd5 24. Rxd5 Rb7 25. Rfd1 Rxb6 26. Qd3 Qh4 27.
Rxd6 Rxd6 28. Qxd6 Qxg4 29. h3 Qa4 30. a3 Rc8 31. Qd5 Qc6 32. Qc4 Qb5 33. Qxb5
axb5 34. Rd7 c4 35. Rd5 Rb8 36. Rc5 Kf8 37. Kg1 Ke7 38. Rc7+ Ke6 39. Kf1 Rd8 40.
a4 Kd6 41. Ra7 bxa4 42. Rxa4 Kc5 43. Ra5+ Kb4 44. Ra7 Rb8 45. Rxf7 Kb3 46. Rf2
Ka2 47. Rc2 Rb4 48. Ke1 Kb1 49. Kd1 g5 50. g4 h6 51. Rc1+ Kxb2 52. Rc2+ Kb3 53.
Kc1 c3 0-1

[Event "2nd Longtou Cup 2019"]
[Site "Qinhuangdao CHN"]
[Date "2019.04.20"]
[Round "5.22"]
[White "Khvostikov, Sergey"]
[Black "Zhang, Lanlin"]
[Result "0-1"]
[WhiteElo "2192"]
[BlackElo "2192"]
[WhiteFideId "4192583"]
[BlackFideId "8608032"]
[EventDate "2019.04.16"]

1. b4 e5 2. Bb2 d6 3. e4 Nf6 4. Nc3 Be7 5. Nf3 Bg4 6. Be2 Nc6 7. a3 O-O 8. O-O
Qd7 9. d3 a5 10. b5 Bxf3 11. Bxf3 Nd4 12. a4 c6 13. bxc6 Qxc6 14. g3 Ra6 15. Ra2
Rb6 16. Ba1 Rc8 17. Bg2 Qc5 18. Qd2 h6 19. Ne2 Rc7 20. c4 Nb3 21. Qc2 Nxa1 22.
Rfxa1 Rcc6 23. Bh3 d5 24. exd5 Nxd5 25. Bg2 Nb4 26. Qd1 Rf6 27. d4 exd4 28. Rd2
d3 29. Nf4 Qxc4 30. Nxd3 Nxd3 31. Rxd3 Rb2 32. Rd2 Rxf2 33. Rxf2 Bc5 34. Qd8+
Kh7 35. Rf1 Rxf2 36. Rxf2 Qe2 37. h4 Bxf2+ 38. Kh2 Qe3 39. Qc7 b6 40. Bd5 Qd3
41. Bg2 f5 42. Qf4 Bc5 43. h5 Bd6 44. Qf3 Qxf3 45. Bxf3 Kg8 46. Bc6 Kf7 47. Kg2
Kf6 48. Kf3 Kg5 49. Be8 b5 50. Bxb5 Kxh5 51. Be8+ Kg5 52. Bf7 Kf6 53. Bh5 g6 0-1